The story of Gösta Berling /

Bibliographic Details
Main Author: Lagerlöf, Selma, 1858-1940
Format: Book
Language:English
Published: Stockholm : Fritzes Kungl. hovbokhandel, [1959]

MARC

Tag First Indicator Second Indicator Subfields
LEADER 00000cam a2200000I 4500
001 in00000031888
005 20151007063143.0
008 720501s1959 sw 000 0 eng
010 |a  60004240  
035 |a (OCoLC)ocm00296817 
035 |a (OCoLC)00296817 
035 |9 AAD6699AM 
040 |a DLC  |c WSU  |d OCL  |d TJC  |d OCLCQ  |d UtOrBLW 
041 1 |a eng  |h swe 
049 |a TXAM  |c [18232] 
050 4 |a PT9767.G6  |b E5 1959 
050 0 0 |a PZ3.L136  |b St2 
082 1 |a 839.737 
100 1 |a Lagerlöf, Selma,  |d 1858-1940. 
240 1 0 |a Gösta Berlings saga.  |l English 
245 1 4 |a The story of Gösta Berling /  |c [Translated from Swedish by Pauline Bancroft Flach and W.H. Hilton-Brown]. 
264 1 |a Stockholm :  |b Fritzes Kungl. hovbokhandel,  |c [1959] 
300 |a 393 pages ;  |c 19 cm. 
336 |a text  |b txt  |2 rdacontent 
337 |a unmediated  |b n  |2 rdamedia 
338 |a volume  |b nc  |2 rdacarrier 
500 |a Translation of Gösta Berlings saga. 
500 |a Label mounted on title page: W.S. Heinman, New York. 
994 |a E0  |b TXA 
999 |a MARS 
999 f f |s 0b2e358a-c51b-3272-a280-9b30bd7fc5be  |i c991a2eb-118c-319a-9336-4a16c5c44909  |t 0 
952 f f |p normal  |a Texas A&M University  |b College Station  |c Sterling C. Evans Library  |d Evans: Library Stacks  |t 0  |e PT9767.G6 E5 1959  |h Library of Congress classification  |i unmediated -- volume  |m A14801360719 
998 f f |a PT9767.G6 E5 1959  |t 0  |l Evans: Library Stacks